Catálogo de mapas, planos, croquis e ilustraciones históricos de Restitución y dotación de tierras y Ampliación de ejidos del Archivo General Agrario / (Record no. 61640)
[ view plain ]
| 000 -LEADER | |
|---|---|
| fixed length control field | 01001cam a2200241 4500 |
| 005 - DATE AND TIME OF LATEST TRANSACTION | |
| control field | 20151030150305.0 |
| 008 - FIXED-LENGTH DATA ELEMENTS--GENERAL INFORMATION | |
| fixed length control field | 090309s2000 mx 000 0 spa u |
| 020 ## - INTERNATIONAL STANDARD BOOK NUMBER | |
| International Standard Book Number | 9684963513 |
| 050 04 - LIBRARY OF CONGRESS CALL NUMBER | |
| Classification number | CD3661 |
| Item number | E87 2000 |
| 100 1# - MAIN ENTRY--PERSONAL NAME | |
| Personal name | Esparza, René |
| 245 10 - TITLE STATEMENT | |
| Title | Catálogo de mapas, planos, croquis e ilustraciones históricos de Restitución y dotación de tierras y Ampliación de ejidos del Archivo General Agrario / |
| Statement of responsibility, etc | René Esparza, Rita Reséndiz, Arnulfo Embriz. |
| 250 ## - EDITION STATEMENT | |
| Edition statement | 1a ed. |
| 260 ## - PUBLICATION, DISTRIBUTION, ETC. (IMPRINT) | |
| Place of publication, distribution, etc | México : |
| Name of publisher, distributor, etc | Registro Agrario Nacional, |
| -- | Sector Agrario, |
| -- | CIESAS, |
| -- | SEP, CONACYT, |
| Date of publication, distribution, etc | 2000 |
| 300 ## - PHYSICAL DESCRIPTION | |
| Extent | 320 p. : |
| Other physical details | il. ; |
| Dimensions | 22 cm. |
| 490 ## - SERIES STATEMENT | |
| Series statement | Agraria |
| 504 ## - BIBLIOGRAPHY, ETC. NOTE | |
| Bibliography, etc | Incluye bibliografía |
| 610 17 - SUBJECT ADDED ENTRY--CORPORATE NAME | |
| Source of heading or term | LEMB |
| Corporate name or jurisdiction name as entry element | México |
| Subordinate unit | Archivo General Agrario |
| Form subdivision | Catálogos |
| 650 #7 - SUBJECT ADDED ENTRY--TOPICAL TERM | |
| Source of heading or term | LEMB |
| Topical term or geographic name as entry element | Tenencia de la tierra |
| Geographic subdivision | México |
| Form subdivision | Archivos |
| -- | Catálogos |
| 650 #7 - SUBJECT ADDED ENTRY--TOPICAL TERM | |
| Source of heading or term | LEMB |
| Topical term or geographic name as entry element | Ejidos |
| Geographic subdivision | México |
| General subdivision | Mapas |
| Form subdivision | Catálogos |
| 700 1# - ADDED ENTRY--PERSONAL NAME | |
| Personal name | Reséndiz, Rita, |
| Relator term | coaut. |
| 700 1# - ADDED ENTRY--PERSONAL NAME | |
| Personal name | Embriz, Arnulfo, |
| Relator term | coaut. |
| 942 ## - ADDED ENTRY ELEMENTS (KOHA) | |
| Source of classification or shelving scheme | Biblioteca del Cogreso de los Estados Unidos |
| Koha item type | Libro |
| Estado de pérdida | Fuente de clasificación | Estado del daño | No para préstamo | Ubicación permanente | Ubicación actual | Apartado o colección | Fecha de adquisición | Fuente de adquisición | Edición | Dependencia de educación superior (DES) | Área del conocimiento | Clasificación | Código de Barras | Date last seen | Número de copia | Tipo de recurso | Nota pública |
|---|---|---|---|---|---|---|---|---|---|---|---|---|---|---|---|---|---|
| Biblioteca del Cogreso de los Estados Unidos | Biblioteca del Instituto de Investigaciones Históricas | Biblioteca del Instituto de Investigaciones Históricas | General | 30/10/2015 | Donación | 1a ed. | Humanidades | Educación y Humanidades | CD3661 E87 2000 | IIH000003320 | 30/10/2015 | C: 1 | Libro | GENERAL |